[Event "7th Parsvnath International Open Chess T"]
[Site "New Delhi India"]
[Date "2009.01.19"]
[Round "10"]
[White "Saha, Suvrajit"]
[Black "Yuriy, Kuzubov"]
[Result "0-1"]
[WhiteElo "2368"]
[BlackElo "2626"]
[PlyCount "96"]
[EventDate "2009.01.11"]
[Source "MonRoi"]

1. d4 Nf6 2. Nf3 e6 3. e3 b6 4. Bd3 Bb7 5. O-O Be7 6. c4 O-O 7. Nc3 d5 8. Qe2
c5 9. Rd1 Nbd7 10. cxd5 exd5 11. e4 c4 12. Bb1 dxe4 13. Nxe4 Nxe4 14. Bxe4 Bxe4
15. Qxe4 Nf6 16. Qb7 Nd5 17. Ne5 Rc8 18. Nc6 Qd6 19. Nxe7+ Nxe7 20. Qxa7 Nd5
21. Qa4 Rfe8 22. Bd2 Re2 23. Qa6 Qd7 24. Qa3 Rce8 25. Qf3 h6 26. a4 R2e6 27. b3
Rf6 28. Qg3 Rg6 29. Qf3 Rf6 30. Qg3 cxb3 31. Qxb3 Re2 32. Be1 Nf4 33. Qf3 Rc2
34. Bd2 Nxg2 35. Qe4 Rg6 36. Kh1 Qh3 37. Rg1 Rxd2 38. Rxg2 Rxd4 39. Qa8+ Kh7
40. Rxg6 fxg6 41. Rg1 Qf5 42. Qc6 Re4 43. Rg3 Re2 44. Rf3 Re1+ 45. Kg2 Qb1 46.
Qb5 Rg1+ 47. Kh3 Qe4 48. Rg3 Qe6+ 0-1

[Event "7th Parsvnath International Open Chess T"]
[Site "New Delhi India"]
[Date "2009.01.19"]
[Round "10"]
[White "Evgeny, Gleizerov"]
[Black "Praveen M, Thipsay"]
[Result "1/2-1/2"]
[WhiteElo "2544"]
[BlackElo "2453"]
[PlyCount "48"]
[EventDate "2009.01.11"]
[Source "MonRoi"]

1. d4 Nf6 2. c4 g6 3. Nc3 Bg7 4. e4 d6 5. Nf3 O-O 6. Be2 e5 7. O-O Nc6 8. d5
Ne7 9. Nd2 a5 10. a3 Nd7 11. Rb1 f5 12. b4 Kh8 13. bxa5 Nc5 14. a4 Rxa5 15. Ba3
b6 16. Bxc5 bxc5 17. Rb8 c6 18. Qb3 Bh6 19. Rd1 cxd5 20. cxd5 Bxd2 21. Rxd2
fxe4 22. Qb6 Nf5 23. Qxd8 Rxd8 24. Rdb2 Rg8 1/2-1/2

[Event "7th Parsvnath International Open Chess T"]
[Site "New Delhi India"]
[Date "2009.01.19"]
[Round "10"]
[White "Abhijit, Kunte"]
[Black "Chowdhury Saptarshi, Roy"]
[Result "1/2-1/2"]
[WhiteElo "2527"]
[BlackElo "2444"]
[PlyCount "33"]
[EventDate "2009.01.11"]
[Source "MonRoi"]

1. d4 e6 2. c4 b6 3. Nf3 Bb7 4. g3 Bxf3 5. exf3 Bb4+ 6. Nc3 Nf6 7. Bg2 O-O 8.
O-O c6 9. f4 d5 10. f5 Bxc3 11. bxc3 exf5 12. cxd5 cxd5 13. Bg5 Nbd7 14. Bxd5
Rc8 15. Qd3 Nc5 16. dxc5 Qxd5 17. Qxd5 1/2-1/2

[Event "7th Parsvnath International Open Chess T"]
[Site "New Delhi India"]
[Date "2009.01.19"]
[Round "10"]
[White "Saidali, Iuldachev"]
[Black "S P, Sethuraman"]
[Result "0-1"]
[WhiteElo "2520"]
[BlackElo "2415"]
[PlyCount "58"]
[EventDate "2009.01.11"]
[Source "MonRoi"]

1. e4 e5 2. Nf3 Nc6 3. Bb5 a6 4. Bxc6 dxc6 5. O-O Qf6 6. d4 exd4 7. Bg5 Qd6 8.
Nxd4 Bd7 9. Nc3 Ne7 10. Qd2 c5 11. Nb3 Qxd2 12. Bxd2 b6 13. a4 O-O-O 14. Be3 a5
15. Bf4 f6 16. Rfd1 g5 17. Bg3 Bg7 18. f4 gxf4 19. Bxf4 f5 20. e5 Ng6 21. Bg5
Rde8 22. Bf6 Rhg8 23. Nd5 Bc6 24. c4 Nxe5 25. Bxe5 Bxe5 26. Ra2 Rg4 27. Nd2 Rd4
28. b3 Bxd5 29. cxd5 Bf4 0-1

[Event "7th Parsvnath International Open Chess T"]
[Site "New Delhi India"]
[Date "2009.01.19"]
[Round "10"]
[White "R R, Laxman"]
[Black "K, Rathnakaran"]
[Result "1-0"]
[WhiteElo "2478"]
[BlackElo "2431"]
[PlyCount "83"]
[EventDate "2009.01.11"]
[Source "MonRoi"]

1. Nf3 Nf6 2. d4 g6 3. Bg5 Bg7 4. Nbd2 h6 5. Bxf6 Bxf6 6. c3 d6 7. e4 e5 8.
dxe5 dxe5 9. Bb5+ Nd7 10. Qc2 Qe7 11. h4 c6 12. Be2 Nc5 13. h5 b5 14. b4 Ne6
15. hxg6 fxg6 16. a4 bxa4 17. g3 Bd7 18. Rxa4 c5 19. b5 Nc7 20. Ra5 Qe6 21. Nh4
Bxh4 22. Rxh4 h5 23. Bg4 Qe7 24. Bxd7+ Qxd7 25. Nc4 Qe6 26. Ne3 O-O 27. Nd5 Rf7
28. Nxc7 Rxc7 29. Ra6 Qf7 30. Qd2 Rb7 31. Rxh5 Rd7 32. Qg5 Rd1+ 33. Kxd1 Qb3+
34. Ke2 Qxb5+ 35. Ke3 Qxa6 36. Rh6 Kg7 37. Qh4 Rf8 38. Rh7+ Kg8 39. Rc7 Rf7 40.
Qd8+ Kg7 41. Rc8 Kh6 42. Qh4+ 1-0

[Event "7th Parsvnath International Open Chess T"]
[Site "New Delhi India"]
[Date "2009.01.19"]
[Round "10"]
[White "Parimarjan, Negi"]
[Black "G B, Prakash"]
[Result "1-0"]
[WhiteElo "2600"]
[BlackElo "2397"]
[PlyCount "71"]
[EventDate "2009.01.11"]
[Source "MonRoi"]

1. e4 c6 2. d4 d5 3. Nc3 dxe4 4. Nxe4 Bf5 5. Ng3 Bg6 6. h4 h6 7. Nf3 Nd7 8. h5
Bh7 9. Bd3 Bxd3 10. Qxd3 e6 11. Bd2 Ngf6 12. O-O-O Be7 13. Ne4 O-O 14. g4 Nxg4
15. Rhg1 f5 16. Qc4 fxe4 17. Qxe6+ Rf7 18. Rxg4 exf3 19. Rxg7+ Kxg7 20. Qxh6+
Kg8 21. Rg1+ Bg5 22. Bxg5 Rg7 23. Qxg7+ Kxg7 24. Bxd8+ Kh6 25. Bg5+ Kxh5 26.
Be3 b5 27. Rg7 Nb6 28. Rf7 Rg8 29. Rxf3 Rg1+ 30. Kd2 b4 31. Rf5+ Kh4 32. Rc5
Na4 33. Rxc6 Ra1 34. d5 Nxb2 35. Ke2 Rd1 36. Bd2 1-0

[Event "7th Parsvnath International Open Chess T"]
[Site "New Delhi India"]
[Date "2009.01.19"]
[Round "10"]
[White "Alexander, Areshchenko"]
[Black "Dinesh K, Sharma"]
[Result "1-0"]
[WhiteElo "2673"]
[BlackElo "2394"]
[PlyCount "153"]
[EventDate "2009.01.11"]
[Source "MonRoi"]

1. e4 e5 2. Nf3 Nc6 3. Bb5 a6 4. Ba4 Nf6 5. O-O b5 6. Bb3 Bb7 7. d3 Be7 8. Re1
O-O 9. c3 d6 10. Nbd2 h6 11. Nf1 Re8 12. Ng3 Bf8 13. d4 Na5 14. Bc2 c5 15. d5
Nc4 16. h3 Nb6 17. Nf5 Bc8 18. g4 Bxf5 19. gxf5 Nh7 20. Kh2 Be7 21. Rg1 Kh8 22.
Qe2 Bf6 23. b3 Qe7 24. Be3 Reb8 25. a4 Qc7 26. a5 Nd7 27. Rg4 Rg8 28. h4 Raf8
29. Rg3 Qd8 30. Kh3 Qe7 31. Rag1 Qd8 32. b4 c4 33. Qf1 Qe7 34. Qg2 Qd8 35. Bd1
Re8 36. Be2 Ref8 37. Rg4 Re8 38. Kh2 Ref8 39. Kh1 Re8 40. Qh3 Ref8 41. R4g3 Qe7
42. Kg2 Qd8 43. Kf1 Qe7 44. Ke1 Qd8 45. Kd1 Be7 46. Qg2 Bf6 47. Kc2 Re8 48. Kb2
Ref8 49. Ng5 Qe8 50. Nxh7 Kxh7 51. Bh5 Kh8 52. f3 Kh7 53. Rg4 Kh8 54. Qd2 Kh7
55. Qg2 Kh8 56. Bg5 Qd8 57. Bxf7 Rxf7 58. Bxh6 Nf8 59. Be3 Nh7 60. h5 Rff8 61.
Rg6 Qe8 62. Qh3 Qf7 63. h6 gxh6 64. Qxh6 Qe7 65. Qh5 Rb8 66. Ka3 Ra8 67. Rh1
Rg7 68. Bh6 Rf7 69. Rhg1 Rb8 70. Qg4 Qd8 71. Rg7 Qf8 72. Rxh7+ Rxh7 73. Bxf8
Rxf8 74. Qg2 Rb8 75. Qf2 Bh4 76. Qe3 Rbb7 77. Rg6 1-0

[Event "7th Parsvnath International Open Chess T"]
[Site "New Delhi India"]
[Date "2009.01.19"]
[Round "10"]
[White "Yuri, Solodovnichenko"]
[Black "Y Boris, Arkhangels"]
[Result "1-0"]
[WhiteElo "2571"]
[BlackElo "2315"]
[PlyCount "53"]
[EventDate "2009.01.11"]
[Source "MonRoi"]

1. e4 c5 2. Nf3 e6 3. d4 cxd4 4. Nxd4 a6 5. Bd3 Qc7 6. O-O Nf6 7. Qe2 d6 8. c4
Be7 9. Nc3 b6 10. f4 Nbd7 11. b3 O-O 12. Bb2 Nc5 13. Bc2 e5 14. Nf5 Bxf5 15.
exf5 Rfe8 16. g4 Bf8 17. g5 Nfd7 18. Nd5 Qd8 19. b4 exf4 20. Qg2 f3 21. Rxf3
Nb7 22. g6 fxg6 23. fxg6 Ne5 24. Nf6+ Kh8 25. Rh3 Qxf6 26. Rxh7+ Kg8 27. Rh8+
1-0

[Event "7th Parsvnath International Open Chess T"]
[Site "New Delhi India"]
[Date "2009.01.19"]
[Round "10"]
[White "Sharma, Himanshu"]
[Black "Anuar, Ismagambetov"]
[Result "0-1"]
[WhiteElo "2405"]
[BlackElo "2523"]
[PlyCount "120"]
[EventDate "2009.01.11"]
[Source "MonRoi"]

1. e4 Nf6 2. e5 Nd5 3. d4 d6 4. c4 Nb6 5. exd6 cxd6 6. Nc3 Nc6 7. Be3 Bf5 8.
Nf3 e5 9. Be2 Be7 10. O-O O-O 11. Rc1 Rc8 12. dxe5 dxe5 13. c5 Nd7 14. Nb5 Be6
15. Qa4 f5 16. Bc4 Bxc4 17. Qxc4+ Kh8 18. b4 a6 19. Nc3 e4 20. Nd4 Nde5 21.
Nxc6 Rxc6 22. Qd4 Nd3 23. Rb1 Bf6 24. Qxd8 Rxd8 25. Ne2 g5 26. f4 exf3 27. Rxf3
f4 28. Bf2 g4 29. Rxf4 Nxf4 30. Nxf4 Be5 31. Be3 Kg8 32. a4 Bxf4 33. Bxf4 Rd4
34. Bd6 Rc8 35. Kf2 Re8 36. b5 Rxa4 37. c6 b6 38. bxa6 Rxa6 39. Rb5 Kf7 40. Kg3
Rc8 41. c7 Ke6 42. Bf4 Kd7 43. Kxg4 Rg8+ 44. Kh4 Kc6 45. Rh5 b5 46. Rxh7 b4 47.
Rh6+ Kb7 48. Rxa6 Kxa6 49. g4 b3 50. Be5 Kb7 51. g5 Re8 52. Bc3 Kxc7 53. g6 Kd7
54. Kg5 Re2 55. Kf6 Rf2+ 56. Kg7 Rxh2 57. Kf7 Rf2+ 58. Kg8 b2 59. Bxb2 Rxb2 60.
g7 Ke7 0-1

[Event "7th Parsvnath International Open Chess T"]
[Site "New Delhi India"]
[Date "2009.01.19"]
[Round "10"]
[White "S, Nitin"]
[Black "Shukhrat, Safin"]
[Result "1/2-1/2"]
[WhiteElo "2365"]
[BlackElo "2518"]
[PlyCount "114"]
[EventDate "2009.01.11"]
[Source "MonRoi"]

1. e4 e5 2. Nf3 Nc6 3. Nc3 Nf6 4. Bb5 Be7 5. O-O Nd4 6. Nxd4 exd4 7. e5 dxc3 8.
exf6 Bxf6 9. Re1+ Kf8 10. dxc3 h5 11. Bf4 a6 12. Bc4 d6 13. Qf3 g6 14. Bg5 Kg7
15. h4 Bf5 16. Qxb7 Rb8 17. Qd5 Be6 18. Qd3 Bxc4 19. Qxc4 Rxb2 20. Re3 Bxg5 21.
hxg5 Qxg5 22. Qxc7 Qc5 23. Qe7 Rhb8 24. Rae1 R8b7 25. Qe4 Rb1 26. Rxb1 Rxb1+
27. Kh2 Rd1 28. Rf3 Ra1 29. g3 Qe5 30. Qc4 d5 31. Qxa6 h4 32. Qa7 hxg3+ 33. Kg2
Qe6 34. Qd4+ Kg8 35. Rxg3 Qe1 36. Rh3 Qe4+ 37. Qxe4 dxe4 38. c4 Rxa2 39. Rc3
Ra6 40. c5 Rc6 41. Kg3 e3 42. fxe3 Kg7 43. Kf4 Kf6 44. Ke4 Ke6 45. Kd4 g5 46.
e4 Rc8 47. c6 Kd6 48. e5+ Kc7 49. Ke4 Rg8 50. Kf5 Rg6 51. Rc4 Re6 52. Rg4 Rxc6
53. c4 Kd7 54. Kxg5 Ke6 55. Re4 Rc8 56. Kf4 Rc5 57. Ke3 Rxe5 1/2-1/2

[Event "7th Parsvnath International Open Chess T"]
[Site "New Delhi India"]
[Date "2009.01.19"]
[Round "10"]
[White "Sunil Mokal, Prathamesh"]
[Black "Dibyendu, Barua"]
[Result "1-0"]
[WhiteElo "2389"]
[BlackElo "2490"]
[PlyCount "67"]
[EventDate "2009.01.11"]
[Source "MonRoi"]

1. e4 e6 2. d4 d5 3. e5 c5 4. c3 Nc6 5. Nf3 Qb6 6. a3 a5 7. Bd3 Bd7 8. Bc2 Rc8
9. O-O f5 10. dxc5 Bxc5 11. Nbd2 Qc7 12. c4 Nce7 13. b3 Nh6 14. Rb1 Nf7 15. Qe2
dxc4 16. bxc4 a4 17. Re1 g5 18. Nf1 g4 19. Nh4 Bc6 20. Ng3 Ng6 21. Nhxf5 exf5
22. Bxf5 O-O 23. Qxg4 Nfxe5 24. Rxe5 Qxe5 25. Bb2 Qe8 26. Be6+ Rf7 27. Bxf7+
Kxf7 28. Qf5+ Kg8 29. Qxc5 Qd7 30. Qg5 Qd3 31. Re1 Rf8 32. Nh5 Qc2 33. Nf6+ Kg7
34. Ba1 1-0

[Event "7th Parsvnath International Open Chess T"]
[Site "New Delhi India"]
[Date "2009.01.19"]
[Round "10"]
[White "S  Dhopade, Swapnil"]
[Black "Babu M R, Lalith"]
[Result "1/2-1/2"]
[WhiteElo "2361"]
[BlackElo "2477"]
[PlyCount "73"]
[EventDate "2009.01.11"]
[Source "MonRoi"]

1. d4 Nf6 2. c4 e6 3. Nf3 b6 4. g3 Ba6 5. Qc2 Bb7 6. Bg2 c5 7. d5 exd5 8. cxd5
Bxd5 9. Nc3 Bc6 10. e4 Be7 11. O-O O-O 12. Rd1 Qc7 13. Bf4 Qb7 14. Ne5 Na6 15.
a3 Nc7 16. Nc4 Ne6 17. Be3 b5 18. Nd6 Bxd6 19. Rxd6 Ng4 20. Nd5 Rfe8 21. Bxc5
Rac8 22. b4 Bxd5 23. Rxd5 Nf6 24. Rd2 Nxc5 25. bxc5 Qc7 26. Rc1 Re5 27. f4 Rxc5
28. Qxc5 Qxc5+ 29. Rxc5 Rxc5 30. e5 Rc1+ 31. Kf2 Ng4+ 32. Ke2 Kf8 33. h3 Nh6
34. Rxd7 Rc2+ 35. Rd2 Rc3 36. Rd3 Rc2+ 37. Rd2 1/2-1/2

[Event "7th Parsvnath International Open Chess T"]
[Site "New Delhi India"]
[Date "2009.01.19"]
[Round "10"]
[White "Justin, Sarkar"]
[Black "Mukherjee, Arindam"]
[Result "0-1"]
[WhiteElo "2455"]
[BlackElo "2259"]
[PlyCount "46"]
[EventDate "2009.01.11"]
[Source "MonRoi"]

1. d4 Nf6 2. c4 e6 3. Nc3 Bb4 4. Qc2 b6 5. e4 Bb7 6. f3 c5 7. a3 Bxc3+ 8. Qxc3
cxd4 9. Qxd4 Nc6 10. Qd6 Qe7 11. Bf4 e5 12. Qxe7+ Kxe7 13. Be3 d6 14. b4 Nd7
15. Ne2 a5 16. Rb1 axb4 17. axb4 Ra3 18. Kd2 Ra2+ 19. Kd3 Rha8 20. Nc3 R8a3 21.
g3 f5 22. Bh3 fxe4+ 23. fxe4 Nf6 0-1

[Event "7th Parsvnath International Open Chess T"]
[Site "New Delhi India"]
[Date "2009.01.19"]
[Round "10"]
[White "Kumar C, Praveen"]
[Black "Santosh Gujrathi, Vidit"]
[Result "1-0"]
[WhiteElo "2360"]
[BlackElo "2447"]
[PlyCount "87"]
[EventDate "2009.01.11"]
[Source "MonRoi"]

1. d4 d5 2. c4 c6 3. Nf3 Nf6 4. Nc3 dxc4 5. a4 Bg4 6. Ne5 Bh5 7. h3 Na6 8. g4
Bg6 9. Bg2 Nb4 10. O-O Bc2 11. Qd2 Bb3 12. Ne4 Nc2 13. Nc5 Qxd4 14. Nxb7 Nd5
15. Qxd4 Nxd4 16. Nxc6 Nxc6 17. Bxd5 Nd4 18. Be3 e5 19. Bxd4 exd4 20. Rfc1 Kd7
21. Bxc4 Rb8 22. Na5 Bxc4 23. Rxc4 Rb4 24. Rd1 Rxc4 25. Nxc4 Bc5 26. Ne5+ Ke6
27. Nc6 Kf6 28. Nxd4 Rd8 29. e3 Rd6 30. Kf1 Kg6 31. Rd3 a5 32. Ke2 Bxd4 33.
exd4 Kg5 34. Kf3 h5 35. d5 Rf6+ 36. Ke4 hxg4 37. hxg4 Rxf2 38. d6 Re2+ 39. Kd5
Rxb2 40. d7 Rb8 41. Rd4 Rd8 42. Kd6 f5 43. gxf5 Kxf5 44. Ke7 1-0

[Event "7th Parsvnath International Open Chess T"]
[Site "New Delhi India"]
[Date "2009.01.19"]
[Round "10"]
[White "D P, Singh"]
[Black "Jha, Sriram"]
[Result "0-1"]
[WhiteElo "2312"]
[BlackElo "2442"]
[PlyCount "134"]
[EventDate "2009.01.11"]
[Source "MonRoi"]

1. d4 Nf6 2. Nf3 c5 3. d5 b5 4. c4 g6 5. cxb5 a6 6. bxa6 Bg7 7. Nc3 Bxa6 8. g3
d6 9. Bg2 Nbd7 10. O-O Nb6 11. Re1 O-O 12. e4 Nfd7 13. Qc2 Nc4 14. Bf1 Nce5 15.
Nd2 c4 16. Re3 Bh6 17. Re2 Bxd2 18. Bxd2 Nf3+ 19. Kg2 Nd4 20. Qd1 Nxe2 21. Bxe2
Ne5 22. Bh6 Re8 23. Qd4 f6 24. Be3 Qc7 25. h4 Reb8 26. Qd2 Rb4 27. a3 Rb3 28.
Bd4 Rab8 29. Na2 Nd3 30. Nb4 Qa5 31. h5 g5 32. Bc3 R3xb4 33. b3 Qc5 34. axb4
Qxf2+ 35. Kh1 Bb5 36. Bxd3 Qf3+ 37. Kh2 cxd3 38. Re1 Qxh5+ 39. Kg2 Qg4 40. Qd1
Qxd1 41. Rxd1 Rc8 42. Bd2 Rc2 43. Kf3 Rb2 44. Ke3 Rxb3 45. Rc1 Kf7 46. Bc3 Ra3
47. Bd2 h5 48. Rb1 Ra2 49. Rc1 Rc2 50. Ra1 Rc8 51. Ra5 Rb8 52. Kd4 h4 53. gxh4
gxh4 54. Ra1 h3 55. Rh1 Rh8 56. Ke3 Rh5 57. Kf3 f5 58. exf5 Rxf5+ 59. Ke3 Re5+
60. Kd4 Rh5 61. Rh2 Rh4+ 62. Kc3 Kg6 63. Be1 Rh7 64. Kd4 Kf5 65. Bg3 Kg4 66.
Be1 Rh5 67. Bf2 d2 0-1

[Event "7th Parsvnath International Open Chess T"]
[Site "New Delhi India"]
[Date "2009.01.19"]
[Round "10"]
[White "R, Premnath"]
[Black "Niaz, Murshed"]
[Result "1-0"]
[WhiteElo "2303"]
[BlackElo "2429"]
[PlyCount "63"]
[EventDate "2009.01.11"]
[Source "MonRoi"]

1. d4 d6 2. Nf3 g6 3. c4 Bg7 4. Nc3 Nd7 5. e4 e5 6. Be3 Ne7 7. dxe5 Nxe5 8.
Nxe5 Bxe5 9. Qd2 O-O 10. f4 Bg7 11. Bd3 f5 12. O-O-O Be6 13. Rhe1 Qd7 14. Kb1
Kh8 15. h3 Rae8 16. Bf2 b6 17. Ka1 Nc6 18. exf5 gxf5 19. Nd5 Na5 20. Qc2 b5 21.
Rxe6 Rxe6 22. cxb5 Ree8 23. Rc1 Rc8 24. Be1 c6 25. bxc6 Rxc6 26. Bc3 Bxc3 27.
Nxc3 Qg7 28. Bxf5 d5 29. Qa4 Rxf5 30. Qxa5 Qd7 31. g4 Rxf4 32. Rd1 1-0

[Event "7th Parsvnath International Open Chess T"]
[Site "New Delhi India"]
[Date "2009.01.19"]
[Round "10"]
[White "Kutwal, Shashikant"]
[Black "Zhanibek, Amanov"]
[Result "1/2-1/2"]
[WhiteElo "2285"]
[BlackElo "2413"]
[PlyCount "81"]
[EventDate "2009.01.11"]
[Source "MonRoi"]

1. e4 c5 2. Nf3 Nc6 3. d4 cxd4 4. Nxd4 g6 5. c4 Nf6 6. Nc3 d6 7. Be2 Nxd4 8.
Qxd4 Bg7 9. Be3 O-O 10. Qd2 a5 11. O-O a4 12. Rab1 Qa5 13. f3 Be6 14. Nd5 Qxd2
15. Nxe7+ Kh8 16. Bxd2 Rfe8 17. Nd5 Nxd5 18. cxd5 Bxd5 19. Bb5 Bd4+ 20. Kh1 Bc6
21. Bxc6 bxc6 22. Rfd1 Rab8 23. Bc3 Bxc3 24. bxc3 Rxb1 25. Rxb1 Re5 26. h3 Rc5
27. Rb4 Rxc3 28. Rxa4 c5 29. Ra6 Rd3 30. Rc6 Kg7 31. e5 dxe5 32. Rxc5 Kf6 33.
a4 Ra3 34. Rc6+ Kf5 35. Ra6 Kf4 36. Kh2 f5 37. Ra8 e4 38. fxe4 fxe4 39. a5 e3
40. a6 e2 41. Re8 1/2-1/2

[Event "7th Parsvnath International Open Chess T"]
[Site "Modern School, Barakhamba Road"]
[Date "2009.01.19"]
[Round "10.21"]
[White "Vishnu, Prasanna"]
[Black "Ibrayev, Nurlan"]
[Result "0-1"]
[WhiteElo "2266"]
[BlackElo "2407"]
[PlyCount "146"]
[EventDate "2009.01.11"]

1. e4 c5 2. Nf3 d6 3. d4 cxd4 4. Nxd4 Nf6 5. Nc3 a6 6. Be3 e6 7. g4 b5 8. g5
Nfd7 9. a3 Nb6 10. h4 N8d7 11. h5 Bb7 12. g6 hxg6 13. hxg6 Rxh1 14. gxf7+ Kxf7
15. Qf3+ Nf6 16. Qxh1 e5 17. Nf3 Ke7 18. Ng5 Qc7 19. Qh3 Bc8 20. Qf3 Ke8 21.
Bxb6 Qxb6 22. Nd5 Qd8 23. O-O-O Ra7 24. Bh3 Bxh3 25. Qxh3 Nxd5 26. Qh5+ Kd7 27.
exd5 Qf6 28. Ne6 Be7 29. Qg4 g6 30. Kb1 Qf5 31. Qg3 Ra8 32. Ng7 Qf6 33. Qg4+
Kc7 34. Ne6+ Kb6 35. Qg3 Rc8 36. Rd3 Qh4 37. Qe3+ Kb7 38. Qe1 Bd8 39. Qb4 Qxf2
40. Rc3 Be7 41. Rxc8 Qf1+ 42. Ka2 Kxc8 43. b3 Qf3 44. Qa5 Kd7 45. Qc7+ Ke8 46.
Qc8+ Kf7 47. Qh8 Qf6 48. Qh7+ Ke8 49. Qg8+ Bf8 50. Nc7+ Ke7 51. Qh7+ Bg7 52.
Qg8 Bf8 53. Qh7+ Bg7 54. Qg8 Bf8 55. Ne6 Qf7 56. Qh8 Ke8 57. Qh4 Be7 58. Qh3
Bf6 59. Qc3 Qb7 60. Qf3 Qc8 61. Kb1 Ke7 62. Qh3 Qh8 63. Qc3 Qh1+ 64. Ka2 Qxd5
65. Nc7 Qc5 66. Qxc5 dxc5 67. Nxa6 Kd6 68. b4 cxb4 69. axb4 e4 70. Nc5 Kd5 71.
Kb3 Bd4 72. Na6 e3 73. Nc7+ Ke4 0-1

[Event "7th Parsvnath International Open Chess T"]
[Site "Modern School, Barakhamba Road"]
[Date "2009.01.19"]
[Round "10.22"]
[White "Bhat, Vinay S"]
[Black "Dutta, Joydeep"]
[Result "1/2-1/2"]
[WhiteElo "2495"]
[BlackElo "2300"]
[PlyCount "48"]
[EventDate "2009.01.11"]

1. d4 d5 2. c4 c6 3. Nf3 Nf6 4. Nc3 dxc4 5. a4 Bf5 6. e3 e6 7. Bxc4 Bb4 8. O-O
Nbd7 9. Qe2 O-O 10. e4 Bg6 11. Bd3 c5 12. Na2 a5 13. Nxb4 axb4 14. e5 Nd5 15.
Bb5 h6 16. Rd1 Qe7 17. Bd2 Rfc8 18. dxc5 Nxc5 19. Nd4 Qh4 20. Be1 Nf4 21. Qe3
Qg5 22. g3 Nh3+ 23. Kf1 Qxe3 24. fxe3 f6 1/2-1/2

[Event "7th Parsvnath International Open Chess T"]
[Site "Modern School, Barakhamba Road"]
[Date "2009.01.19"]
[Round "10.23"]
[White "Mohannad, Farhan"]
[Black "Sengupta, Deep"]
[Result "0-1"]
[WhiteElo "2279"]
[BlackElo "2445"]
[PlyCount "80"]
[EventDate "2009.01.11"]

1. e4 e5 2. Nf3 Nc6 3. c3 d5 4. Qa4 f6 5. d3 Bc5 6. b4 dxe4 7. dxe4 Bd6 8. Bc4
Nge7 9. Qb3 Ng6 10. Bf7+ Kf8 11. g3 a5 12. Bc4 axb4 13. cxb4 Bxb4+ 14. Nbd2 Qe7
15. a3 Bc5 16. Bd5 Nd4 17. Nxd4 exd4 18. f4 h5 19. h4 c6 20. Bc4 Qd7 21. Bb2
Ne7 22. a4 Qd6 23. e5 Qc7 24. exf6 Nf5 25. O-O-O gxf6 26. Ne4 Be7 27. Bf7 c5
28. Bg6 Nh6 29. Qc4 Qc6 30. Rhe1 Rxa4 31. Qe2 Bg4 32. Qc2 Bxd1 33. Qxd1 Rc4+
34. Kb1 Rb4 35. Kc1 Ng4 36. Ng5 fxg5 37. Qd3 Qd5 38. Kb1 gxh4 39. Qe2 Ne3 40.
Qd2 Qb3 0-1

[Event "7th Parsvnath International Open Chess T"]
[Site "Modern School, Barakhamba Road"]
[Date "2009.01.19"]
[Round "10.25"]
[White "Shyam, Sundar M"]
[Black "Tiwari, Arjun"]
[Result "1-0"]
[WhiteElo "2426"]
[BlackElo "2256"]
[PlyCount "119"]
[EventDate "2009.01.11"]

1. e4 c5 2. Nf3 Nc6 3. Bb5 g6 4. O-O Bg7 5. Re1 e5 6. Bxc6 bxc6 7. d3 Ne7 8. h3
d6 9. a3 O-O 10. b4 cxb4 11. axb4 f5 12. Bb2 h6 13. Nbd2 g5 14. exf5 Nxf5 15.
Ne4 Ne7 16. d4 d5 17. Nc5 e4 18. Ne5 Qe8 19. c4 Ng6 20. cxd5 cxd5 21. Qb3 Nf4
22. Rxe4 Bf5 23. Re3 Kh8 24. Ra6 Qb5 25. Qa4 Qxa4 26. Rxa4 Rf6 27. Rea3 Rb6 28.
Kh2 Bc2 29. Rxa7 Rxa7 30. Rxa7 Rxb4 31. Bc3 Rb5 32. Rc7 Kg8 33. Bd2 Ng6 34. Ne6
Bxe5+ 35. dxe5 Rb6 36. Rc8+ Kh7 37. Nd4 Be4 38. e6 Kg7 39. Bc3 Kf6 40. Re8 Ne5
41. Rf8+ Ke7 42. Rh8 Nc6 43. f3 Bd3 44. Rxh6 Nxd4 45. Bxd4 Rxe6 46. Rh5 Rg6 47.
Kg3 Bf5 48. Kf2 Be6 49. g4 Bf7 50. Rh7 Kf8 51. Be3 Ke7 52. Rh8 Bg8 53. Ke2 Kf7
54. Kd3 Kg7 55. Rh5 Kf6 56. Kd4 Bf7 57. f4 gxf4 58. Bxf4 Kg7 59. Be5+ Kg8 60.
Rh8# 1-0

[Event "7th Parsvnath International Open Chess T"]
[Site "Modern School, Barakhamba Road"]
[Date "2009.01.19"]
[Round "10.26"]
[White "Anwesh, Upadhyaya"]
[Black "Saptarshi, Roy"]
[Result "1-0"]
[WhiteElo "2269"]
[BlackElo "2410"]
[PlyCount "75"]
[EventDate "2009.01.11"]

1. e4 c5 2. Nf3 e6 3. d4 cxd4 4. Nxd4 a6 5. Nc3 Qc7 6. g3 b5 7. Bg2 Bb7 8. O-O
d6 9. Re1 Be7 10. a4 bxa4 11. Rxa4 Nd7 12. Nb3 Rc8 13. Na5 Nc5 14. Ra1 Ba8 15.
Qe2 Nf6 16. Bd2 Rb8 17. b4 Rxb4 18. e5 Nfe4 19. Nd5 exd5 20. Bxb4 O-O 21. exd6
Bxd6 22. Nb3 f5 23. Nxc5 Bxc5 24. Bxc5 Qxc5 25. Rxa6 Bb7 26. Ra4 Bc6 27. Raa1
f4 28. gxf4 Rxf4 29. Qe3 Qd6 30. f3 Rh4 31. h3 d4 32. Qb3+ Bd5 33. Ra8+ Kf7 34.
Ra7+ Kf6 35. Qa3 Qxa3 36. Rxa3 Ng5 37. f4 Nxh3+ 38. Bxh3 1-0

[Event "7th Parsvnath International Open Chess T"]
[Site "Modern School, Barakhamba Road"]
[Date "2009.01.19"]
[Round "10.27"]
[White "Abhishek, Das"]
[Black "Das, Arghyadip"]
[Result "0-1"]
[WhiteElo "2251"]
[BlackElo "2404"]
[PlyCount "60"]
[EventDate "2009.01.11"]

1. e4 e6 2. d4 d5 3. Nc3 Nf6 4. e5 Nfd7 5. f4 c5 6. Nf3 Nc6 7. Be3 a6 8. Qd2 b5
9. a3 g5 10. Nxg5 cxd4 11. Bxd4 Nxd4 12. Qxd4 Bc5 13. Qd2 Qb6 14. Nd1 f6 15.
exf6 Nxf6 16. b4 Bd6 17. Bd3 O-O 18. Nf2 e5 19. Rd1 Ra7 20. fxe5 Bxe5 21. Nf3
Bd6 22. c4 Re7+ 23. Kf1 bxc4 24. Bxc4 Bb7 25. Ba2 a5 26. bxa5 Qa6+ 27. Kg1 Re2
28. Qg5+ Kh8 29. Rd2 Bc5 30. h3 Bxf2+ 0-1

[Event "7th Parsvnath International Open Chess T"]
[Site "Modern School, Barakhamba Road"]
[Date "2009.01.19"]
[Round "10.28"]
[White "Girinath, P D S."]
[Black "Muminova, Nafisa"]
[Result "1-0"]
[WhiteElo "2404"]
[BlackElo "2220"]
[PlyCount "79"]
[EventDate "2009.01.11"]

1. e4 e6 2. Qe2 c5 3. Nf3 Nc6 4. g3 g6 5. Bg2 Bg7 6. c3 Nge7 7. O-O O-O 8. Rd1
d5 9. d3 b6 10. e5 f6 11. d4 fxe5 12. dxe5 Rb8 13. Na3 Qc7 14. Bf4 a6 15. Nc2
b5 16. Ne3 b4 17. Ng4 bxc3 18. bxc3 Qa5 19. Nf6+ Kh8 20. c4 dxc4 21. Qxc4 Rb4
22. Qc2 Nxe5 23. Bxe5 Bxf6 24. Bxf6+ Rxf6 25. Qc3 Kg7 26. Ne5 Ra4 27. Qxa5 Rxa5
28. a4 c4 29. Nxc4 Rc5 30. Rac1 Rf8 31. f4 Nd5 32. Ne5 Nc3 33. Rc2 Nxa4 34.
Rxc5 Nxc5 35. Rc1 Nb3 36. Rc7+ Kg8 37. Bf1 Nd4 38. Bc4 a5 39. Ra7 a4 40. Rxa4 {
Score sheet not clear} 1-0

[Event "7th Parsvnath International Open Chess T"]
[Site "Modern School, Barakhamba Road"]
[Date "2009.01.19"]
[Round "10.29"]
[White "Koshy, Varugeese"]
[Black "Akshayraj, Kore"]
[Result "1-0"]
[WhiteElo "2248"]
[BlackElo "2403"]
[PlyCount "103"]
[EventDate "2009.01.11"]

1. c4 e6 2. Nf3 d5 3. d4 c6 4. Qc2 Nf6 5. Nbd2 Nbd7 6. g3 Bd6 7. Bg2 O-O 8. O-O
b6 9. e4 Nxe4 10. Nxe4 dxe4 11. Qxe4 Bb7 12. Bf4 Nf6 13. Qe3 Be7 14. Qe2 Rc8
15. Rad1 Re8 16. Ne5 Bf8 17. Rd3 h6 18. g4 Nh7 19. Bg3 Rc7 20. Rfd1 Qc8 21. h4
Bd6 22. h5 Nf8 23. Re3 Rd8 24. f4 c5 25. d5 exd5 26. cxd5 c4 27. Kh2 Rc5 28.
Nc6 Bxc6 29. dxc6 f5 30. Rd5 fxg4 31. Rxc5 Bxc5 32. Qxc4+ Kh8 33. Re5 Rd2 34.
Qc3 Rd1 35. Be4 a5 36. Rd5 Rxd5 37. Bxd5 Bd6 38. f5 Qxf5 39. Bxd6 Qxh5+ 40. Kg1
g3 41. Bxg3 Qd1+ 42. Kh2 Qh5+ 43. Kg1 Qd1+ 44. Kf2 Qxd5 45. c7 Qf5+ 46. Kg1 Qc8
47. Qc6 Nd7 48. Qe6 b5 49. Be5 Kh7 50. Qf5+ Kh8 51. Qg4 Qf8 52. Qg6 1-0